[Event "XIII Konik Morski Rewala - Open B"]
[Site "Rewal"]
[Date "2008.08.27"]
[Round "7"]
[White "Statucki, Maciej"]
[Black "Wojtaszewski, Piotr"]
[Result "0-1"]
[WhiteElo "1568"]
[BlackElo "1998"]
[PlyCount "76"]
[EventDate "2008.??.??"]

1. e4 c6 2. d4 d5 3. Nc3 dxe4 4. Nxe4 Bf5 5. Ng3 Bg6 6. N1e2 e6 7. Nf4 Bd6 8.
h4 Qc7 9. Qf3 Nf6 10. Nxg6 hxg6 11. Bg5 Nbd7 12. Bd3 O-O-O 13. O-O-O Rde8 14.
Ne4 Nxe4 15. Bxe4 f5 16. Bd3 e5 17. Bc4 e4 18. Qe3 Nb6 19. Bb3 Nd5 20. Bxd5
cxd5 21. Kb1 Kb8 22. Qb3 Qc6 23. Rh3 Qc4 24. Qxc4 dxc4 25. Re1 b5 26. Rhe3 Kb7
27. g4 Kc6 28. h5 Kd5 29. hxg6 f4 30. R3e2 Rh2 31. c3 Re6 32. Bd8 f3 33. Rc2
Rxg6 34. g5 Bf4 35. b3 Bxg5 36. Rg1 Rg2 37. bxc4+ Kxc4 38. Re1 Bxd8 0-1

[Event "XIII Konik Morski Rewala - Open B"]
[Site "Rewal"]
[Date "2008.08.27"]
[Round "7"]
[White "Czaja, Roman"]
[Black "Poswiatowski, Michal"]
[Result "0-1"]
[WhiteElo "2115"]
[BlackElo "1775"]
[PlyCount "88"]
[EventDate "2008.??.??"]

1. d4 Nf6 2. c4 c5 3. d5 b5 4. cxb5 a6 5. bxa6 Bxa6 6. g3 d6 7. Bg2 g6 8. Nf3
Bg7 9. O-O O-O 10. Nc3 Nbd7 11. h3 Qb6 12. Qc2 Rfb8 13. Rb1 Qb7 14. Rd1 Nb6 15.
e4 Nfd7 16. b3 Ne5 17. Nxe5 Bxe5 18. Be3 Bg7 19. f4 Nd7 20. e5 Qc7 21. Ne4 Bb7
22. b4 dxe5 23. bxc5 Nf6 24. c6 Ba6 25. Nc5 Bc8 26. Rxb8 Qxb8 27. Rb1 Qc7 28.
Qf2 exf4 29. Bxf4 Qa7 30. a4 Nh5 31. Be3 Qc7 32. g4 Nf6 33. Bf4 Qa7 34. c7 Nd7
35. Rc1 Nxc5 36. d6 exd6 37. Bxa8 Qxa8 38. Bxd6 Ne4 39. Qf3 Qxa4 40. Bf4 Bd4+
41. Kh2 Qb4 42. Rd1 Bb7 43. Qd3 Qb2+ 44. Bd2 Nf2 0-1

[Event "XIII Konik Morski Rewala - Open B"]
[Site "Rewal"]
[Date "2008.08.27"]
[Round "7"]
[White "Borowiak, Aleksander"]
[Black "Plicner, Adam"]
[Result "1/2-1/2"]
[WhiteElo "1885"]
[BlackElo "2060"]
[PlyCount "73"]
[EventDate "2008.??.??"]

1. e4 c5 2. Nf3 Nc6 3. d4 cxd4 4. Nxd4 g6 5. Nc3 Bg7 6. Be3 Nf6 7. Qd2 Ng4 8.
Nxc6 bxc6 9. Bd4 O-O 10. Bxg7 Kxg7 11. Be2 Nf6 12. e5 Nd5 13. Nxd5 cxd5 14.
Qxd5 Rb8 15. Qd4 Qa5+ 16. Qc3 Qxc3+ 17. bxc3 Rb2 18. Bd3 Bb7 19. O-O Rc8 20.
Rfb1 Rxb1+ 21. Rxb1 Bd5 22. f4 Rxc3 23. Rb5 Bxa2 24. Ra5 Be6 25. Rxa7 f6 26.
exf6+ Kxf6 27. Kf2 d6 28. Ke3 Rc5 29. h4 Bf5 30. Rb7 Rc6 31. Ra7 h5 32. g3 e5
33. fxe5+ dxe5 34. Rb7 Bxd3 35. cxd3 Kf5 36. Rb4 Rc3 37. Ra4 1/2-1/2

[Event "XIII Konik Morski Rewala - Open B"]
[Site "Rewal"]
[Date "2008.08.27"]
[Round "7"]
[White "Suwara, Piotr"]
[Black "Sokolowski, Krzysztof"]
[Result "1/2-1/2"]
[WhiteElo "1778"]
[BlackElo "2021"]
[PlyCount "62"]
[EventDate "2008.??.??"]

1. e4 c5 2. d4 cxd4 3. c3 d3 4. c4 Nc6 5. Bxd3 g6 6. Nc3 Bg7 7. Nf3 Nf6 8. O-O
O-O 9. Bg5 d6 10. Qd2 Bg4 11. Be2 Rc8 12. b3 Qa5 13. Rac1 Rfe8 14. Rfe1 a6 15.
a4 Qb4 16. Bxf6 exf6 17. Nd5 Qxd2 18. Nxd2 Bxe2 19. Rxe2 f5 20. Ree1 Nd4 21.
Kf1 Kf8 22. exf5 Nxf5 23. Ne4 Rcd8 24. Ndf6 Bxf6 25. Nxf6 Rxe1+ 26. Rxe1 h5 27.
Re4 Ng7 28. Nh7+ Kg8 29. Nf6+ Kf8 30. Nh7+ Kg8 31. Nf6+ Kf8 1/2-1/2

[Event "XIII Konik Morski Rewala - Open B"]
[Site "Rewal"]
[Date "2008.08.27"]
[Round "7"]
[White "Markiewicz, Mateusz"]
[Black "Misztal, Piotr"]
[Result "1-0"]
[WhiteElo "2013"]
[BlackElo "1806"]
[PlyCount "115"]
[EventDate "2008.??.??"]

1. e4 c5 2. Nf3 d6 3. d4 cxd4 4. Nxd4 Nf6 5. Nc3 a6 6. Be3 e5 7. Nb3 Be7 8. f3
b5 9. Nd5 Nbd7 10. Qd2 Nxd5 11. Qxd5 Rb8 12. c4 Nf6 13. Qc6+ Qd7 14. cxb5 axb5
15. Rc1 O-O 16. Qxd7 Bxd7 17. Kf2 Ra8 18. a3 Be6 19. Nd2 Rfb8 20. Rc7 Bd8 21.
Ra7 Rxa7 22. Bxa7 Rb7 23. Be3 Bd7 24. Bd3 b4 25. Bc4 bxa3 26. bxa3 h6 27. Rb1
Rxb1 28. Nxb1 Be6 29. Nd2 Ba5 30. Bxe6 fxe6 31. Nc4 Bc7 32. Bb6 Bb8 33. a4 d5
34. Na3 Nd7 35. Be3 Kf8 36. a5 Ke8 37. Nb5 d4 38. Bd2 Nc5 39. Kg3 Kd7 40. Kg4
Kc6 41. Na3 Nb3 42. Bb4 d3 43. Nb1 Bd6 44. Bxd6 Kxd6 45. a6 Kc6 46. a7 Kb7 47.
Kh5 Kxa7 48. Kg6 d2 49. Nxd2 Nxd2 50. Kxg7 Nf1 51. h4 h5 52. Kf6 Ne3 53. g3 Nf1
54. g4 hxg4 55. fxg4 Ne3 56. g5 Nf5 57. exf5 e4 58. fxe6 1-0

[Event "XIII Konik Morski Rewala - Open B"]
[Site "Rewal"]
[Date "2008.08.27"]
[Round "7"]
[White "Sujkowski, Pawel"]
[Black "Ni, Polina"]
[Result "1/2-1/2"]
[WhiteElo "1850"]
[BlackElo "1925"]
[PlyCount "63"]
[EventDate "2008.??.??"]

1. d4 Nf6 2. c4 e6 3. Nf3 b6 4. Nc3 Bb7 5. a3 Be7 6. g3 O-O 7. Bg2 d6 8. O-O
Ne4 9. Nxe4 Bxe4 10. Re1 Nd7 11. b3 Rc8 12. Bb2 Bf6 13. Rc1 Qe7 14. Qd2 c5 15.
Red1 Rfd8 16. Bc3 d5 17. cxd5 Bxd5 18. Qb2 cxd4 19. Bxd4 Rxc1 20. Rxc1 e5 21.
Bc3 Nc5 22. Nd2 Bxg2 23. Kxg2 Qb7+ 24. Kg1 Ne4 25. Nxe4 Qxe4 26. Qc2 Qxc2 27.
Rxc2 Rc8 28. Rc1 e4 29. Bb2 Rxc1+ 30. Bxc1 Be5 31. f3 exf3 32. exf3 1/2-1/2

[Event "XIII Konik Morski Rewala - Open B"]
[Site "Rewal"]
[Date "2008.08.27"]
[Round "7"]
[White "Piotrowski, Arkadiusz"]
[Black "Wozniak, Bartosz"]
[Result "0-1"]
[WhiteElo "1955"]
[BlackElo "1737"]
[PlyCount "86"]
[EventDate "2008.??.??"]

1. e4 c5 2. b4 cxb4 3. a3 bxa3 4. Bxa3 d6 5. Bc4 Nf6 6. Nc3 g6 7. Bb2 Bg7 8.
Nd5 O-O 9. Nxf6+ exf6 10. f4 Re8 11. d3 d5 12. Bb5 Bd7 13. Bxd7 Nxd7 14. Qf3
Nc5 15. O-O-O dxe4 16. dxe4 Qc7 17. Re1 Rad8 18. Kb1 Qa5 19. Nh3 Na4 20. Nf2
Re6 21. Re3 Nxb2 22. Kxb2 Rb6+ 23. Rb3 Rd2 24. Ra1 Qc5 25. Qc3 Rxb3+ 26. Kxb3
Qb6+ 27. Ka2 Qxf2 28. Qc8+ Bf8 29. Kb2 Qd4+ 30. Qc3 Qxc3+ 31. Kxc3 Rxg2 32.
Rxa7 b6 33. Ra8 Kg7 34. Kd3 Rxh2 35. Rb8 Bc5 36. Rb7 Rh3+ 37. Kc4 Re3 38. Kd5
h5 39. e5 fxe5 40. fxe5 h4 41. c4 Rd3+ 42. Kc6 h3 43. e6 Rd6+ 0-1

[Event "XIII Konik Morski Rewala - Open B"]
[Site "Rewal"]
[Date "2008.08.27"]
[Round "7"]
[White "Glatty, Zbigniew"]
[Black "Biszof, Henryk"]
[Result "1-0"]
[WhiteElo "1903"]
[BlackElo "1728"]
[PlyCount "57"]
[EventDate "2008.??.??"]

1. e4 c5 2. Nf3 d6 3. d4 cxd4 4. Nxd4 Nf6 5. Nc3 a6 6. Be3 e5 7. Nb3 Be6 8. f3
Be7 9. Qd2 d5 10. exd5 Nxd5 11. Nxd5 Bxd5 12. Rd1 Bxb3 13. Qxd8+ Bxd8 14. axb3
O-O 15. Bc4 Nc6 16. Rd7 b5 17. Bd5 Rc8 18. c3 Bf6 19. b4 e4 20. f4 Nd8 21. Ke2
Re8 22. Ra1 Ne6 23. Rxa6 h6 24. Raa7 Bxc3 25. bxc3 Rxc3 26. Rxf7 Rc2+ 27. Kf1
Rc7 28. Rfxc7 g5 29. Bxe6+ 1-0

[Event "XIII Konik Morski Rewala - Open B"]
[Site "Rewal"]
[Date "2008.08.27"]
[Round "7"]
[White "Grochocinska, Urszula"]
[Black "Wasik, Jozef"]
[Result "1-0"]
[WhiteElo "1665"]
[BlackElo "1881"]
[PlyCount "111"]
[EventDate "2008.??.??"]

1. e4 c5 2. Nc3 a6 3. f4 b5 4. g3 Bb7 5. Bg2 d6 6. d3 g6 7. Nf3 Bg7 8. O-O Nf6
9. e5 dxe5 10. fxe5 Ng4 11. Qe2 Nc6 12. e6 f5 13. Ng5 Qd4+ 14. Kh1 Nge5 15. Nd5
Rd8 16. Rf4 Rxd5 17. Rxd4 Nxd4 18. Qd1 Ng4 19. Kg1 h6 20. Bxd5 Bxd5 21. Nf7
Nf3+ 22. Kg2 Nh4+ 23. Kf1 Nxh2+ 24. Kg1 N4f3+ 25. Kg2 Ng4 26. Nxh8 Bxh8 27. c4
Bc6 28. cxb5 axb5 29. Kf1 Bd4 30. Bf4 g5 31. Bc1 Nfh2+ 32. Ke1 Nf3+ 33. Ke2
Nfe5 34. Qf1 Nf3 35. Qxf3 Bxf3+ 36. Kxf3 Ne5+ 37. Ke2 Nc6 38. a4 b4 39. a5 Kd8
40. a6 Na7 41. Ra2 Be5 42. Kf3 Kc7 43. Be3 Kb6 44. Ra4 Kb5 45. b3 Bc3 46. g4 f4
47. Bf2 Kb6 48. Ke4 Nc6 49. Kd5 Bd4 50. Bxd4 cxd4 51. a7 Nxa7 52. Rxb4+ Ka5 53.
Rb7 Nc8 54. Rc7 Nd6 55. Rxe7 f3 56. Kxd6 1-0

[Event "XIII Konik Morski Rewala - Open B"]
[Site "Rewal"]
[Date "2008.08.27"]
[Round "7"]
[White "Kulas, Szymon"]
[Black "Adamus, Filip"]
[Result "1-0"]
[WhiteElo "1845"]
[BlackElo "1716"]
[PlyCount "73"]
[EventDate "2008.??.??"]

1. e4 c5 2. Nf3 e6 3. d4 cxd4 4. Nxd4 Nf6 5. Nc3 Nc6 6. Ndb5 Bb4 7. a3 Bxc3+ 8.
Nxc3 d5 9. exd5 exd5 10. Bd3 d4 11. Qe2+ Be6 12. Ne4 O-O 13. Bg5 Re8 14. O-O
Bf5 15. Nxf6+ gxf6 16. Qf3 Bxd3 17. Bxf6 Qd6 18. cxd3 Kf8 19. Rfe1 Re6 20. Rxe6
Qxe6 21. Qf4 Ne7 22. Bxe7+ Qxe7 23. Qxd4 f6 24. Qc3 Rd8 25. h3 Qd6 26. Re1 Kg7
27. Re3 b6 28. Rg3+ Kf7 29. Qc4+ Qd5 30. Qg4 Qg5 31. Qe4 Qc1+ 32. Kh2 Qxb2 33.
Qxh7+ Ke6 34. Re3+ Kd5 35. Qe4+ Kc5 36. Qc4+ Kd6 37. Re6+ 1-0

[Event "XIII Konik Morski Rewala - Open B"]
[Site "Rewal"]
[Date "2008.08.27"]
[Round "7"]
[White "Rosiak, Agata"]
[Black "Delekta, Anna"]
[Result "1-0"]
[WhiteElo "1840"]
[BlackElo "1706"]
[PlyCount "145"]
[EventDate "2008.??.??"]

1. d4 Nf6 2. Nf3 d5 3. Bf4 Bf5 4. e3 e6 5. Be2 Nc6 6. c3 Ne7 7. O-O Ng6 8. Bg3
Ne4 9. Qb3 Nxg3 10. fxg3 Rb8 11. Qa4+ c6 12. Nfd2 a5 13. g4 b5 14. Qd1 Bxb1 15.
Qxb1 Qg5 16. Qd3 Bd6 17. Rf2 a4 18. Raf1 O-O 19. g3 Qe7 20. Bd1 Qa7 21. e4 c5
22. e5 Be7 23. h4 Nxe5 24. dxe5 c4 25. Qe2 Bc5 26. Nf3 Bxf2+ 27. Rxf2 a3 28. b3
cxb3 29. Bxb3 Rbc8 30. Qd3 g6 31. Kg2 Qc5 32. Rc2 Qb6 33. h5 Rc7 34. h6 Qa5 35.
Nd4 Rc5 36. Qf3 Qd8 37. Rf2 Qe7 38. Qe3 Rfc8 39. Ne2 Kf8 40. Rf6 Ke8 41. Qd4
Kd8 42. Qb4 Qb7 43. Kh2 Qa7 44. Rf3 R8c7 45. Qf4 Kc8 46. Qf6 Kb7 47. Qh8 Ka6
48. Qxh7 R5c6 49. Qg8 Rc8 50. h7 Qb8 51. Qxf7 Qxe5 52. Rf2 Qe3 53. Bc2 R6c7 54.
Qf6 Rxh7+ 55. Kg2 Rch8 56. Qf4 Rh2+ 57. Kf1 Rh1+ 58. Ng1 Qxf4 59. gxf4 R8h3 60.
Bxg6 Rg3 61. Rg2 Rxc3 62. Ke2 Rc1 63. Nf3 Ra1 64. Ke3 Rhc1 65. Bd3 Ka5 66. g5
Rc4 67. g6 Rd1 68. Ne5 Rc8 69. g7 Rxd3+ 70. Kxd3 Rg8 71. Nc6+ Ka4 72. Ne7 Rxg7
73. Rxg7 1-0

[Event "XIII Konik Morski Rewala - Open B"]
[Site "Rewal"]
[Date "2008.08.27"]
[Round "7"]
[White "Malec, Sebastian"]
[Black "Gora, Jan"]
[Result "1-0"]
[WhiteElo "1798"]
[BlackElo "1678"]
[PlyCount "67"]
[EventDate "2008.??.??"]

1. e4 c5 2. Nf3 Nc6 3. d4 cxd4 4. Nxd4 Nf6 5. Nc3 e5 6. Ndb5 d6 7. Nd5 Nxd5 8.
exd5 Ne7 9. c4 a6 10. Qa4 axb5 11. Qxa8 Ng6 12. c5 Bd7 13. Qxd8+ Kxd8 14. b4
Be7 15. Be3 f5 16. f3 f4 17. Bf2 Ke8 18. Rc1 dxc5 19. bxc5 Kf7 20. Rb1 Ra8 21.
Bxb5 Bf5 22. Rb2 e4 23. Bc4 Ne5 24. d6+ Nxc4 25. Rxb7 Rxa2 26. O-O exf3 27.
Rxe7+ Kf8 28. Rfe1 Ne3 29. gxf3 Ra5 30. Bxe3 fxe3 31. R1xe3 Rxc5 32. d7 Rc1+
33. Kf2 Rc2+ 34. Kg3 1-0

[Event "XIII Konik Morski Rewala - Open B"]
[Site "Rewal"]
[Date "2008.08.27"]
[Round "7"]
[White "Major, Boguslaw"]
[Black "Furman, Justyna"]
[Result "1-0"]
[WhiteElo "1845"]
[BlackElo "1785"]
[PlyCount "67"]
[EventDate "2008.??.??"]

1. d4 e6 2. Nc3 f5 3. e4 fxe4 4. Nxe4 Nf6 5. Bg5 Be7 6. Bxf6 Bxf6 7. Qh5+ g6 8.
Qh6 Bxd4 9. O-O-O Bf6 10. h4 Qe7 11. Nxf6+ Qxf6 12. h5 Rf8 13. hxg6 Qxg6 14.
Bd3 Nc6 15. Qxg6+ hxg6 16. Bxg6+ Ke7 17. Nf3 Rg8 18. Rh7+ Kf6 19. Bh5 Rg7 20.
Rh6+ Ke7 21. g4 d6 22. Rh8 b6 23. Nh4 Bb7 24. Rxa8 Bxa8 25. f4 Nb4 26. Re1
Nxa2+ 27. Kb1 Nb4 28. Nf5+ Kf6 29. Nxg7 Kxg7 30. Rxe6 Bd5 31. Re7+ Kf6 32. Rxc7
Be4 33. g5+ Kf5 34. g6 1-0

[Event "XIII Konik Morski Rewala - Open B"]
[Site "Rewal"]
[Date "2008.08.27"]
[Round "7"]
[White "Dubrawska, Greta"]
[Black "Laszewski, Kazimierz"]
[Result "1-0"]
[WhiteElo "1568"]
[BlackElo "1822"]
[PlyCount "73"]
[EventDate "2008.??.??"]

1. d4 Nf6 2. c4 e6 3. Nc3 Bb4 4. Bd2 O-O 5. Nf3 d5 6. e3 Nbd7 7. a3 Be7 8. Rc1
c6 9. Bd3 Bd6 10. Qc2 dxc4 11. Bxc4 e5 12. O-O exd4 13. exd4 h6 14. Rfe1 Nb6
15. Bd3 Bb8 16. Ne4 Nbd5 17. Nxf6+ Qxf6 18. Bc4 Bf5 19. Qb3 Nb6 20. Bb4 Bd6 21.
Bxd6 Qxd6 22. h3 Qf6 23. Re3 Nxc4 24. Qxc4 Be6 25. Qb4 Rab8 26. Rc5 Bd5 27. Ne5
Rfd8 28. Rcc3 Qf5 29. Rg3 Re8 30. Qd6 Qe6 31. Qb4 Qe7 32. Qa4 a6 33. Qd1 Qe6
34. Qh5 Re7 35. Rce3 Rbe8 36. Ng4 Qg6 37. Nxh6+ 1-0

[Event "XIII Konik Morski Rewala - Open B"]
[Site "Rewal"]
[Date "2008.08.27"]
[Round "8"]
[White "Czernicki, Bogdan"]
[Black "Kumor, Lukasz"]
[Result "0-1"]
[WhiteElo "2032"]
[BlackElo "2064"]
[PlyCount "112"]
[EventDate "2008.??.??"]

1. d4 d5 2. Nf3 Nf6 3. Bg5 e6 4. e3 Be7 5. Bd3 c5 6. c3 Qb6 7. Qb3 c4 8. Qxb6
axb6 9. Bc2 b5 10. O-O Nc6 11. Ne5 b4 12. Nxc6 bxc6 13. b3 Ba6 14. Rd1 O-O 15.
cxb4 Bxb4 16. a3 Bb5 17. f3 Rfc8 18. Bh4 c5 19. dxc5 Bxc5 20. Bf2 Bb4 21. Be1
cxb3 22. Bxb3 Be2 23. Bxb4 Bxd1 24. Nd2 Bxb3 25. Nxb3 Rc4 26. Rd1 Rac8 27. Kf2
Rc2+ 28. Rd2 Nd7 29. Ke2 Nb6 30. Nd4 Rxd2+ 31. Kxd2 Nc4+ 32. Kd3 Ne5+ 33. Kd2
Nc6 34. Nxc6 Rxc6 35. h4 f6 36. h5 Kf7 37. g4 e5 38. Kd3 Ke6 39. Bf8 Rc7 40.
Bb4 f5 41. e4 dxe4+ 42. fxe4 fxg4 43. Ke3 Kf6 44. Kf2 Kg5 45. Bd6 Rc4 46. Ke3
Ra4 47. Bxe5 Rxa3+ 48. Ke2 Kxh5 49. Bxg7 Kg5 50. Bf8 Rb3 51. Bd6 h5 52. Kf2 h4
53. Be7+ Kh5 54. e5 g3+ 55. Kg2 Kg4 56. Bc5 h3+ 0-1

[Event "XIII Konik Morski Rewala - Open B"]
[Site "Rewal"]
[Date "2008.08.27"]
[Round "8"]
[White "Solnicki, Michal"]
[Black "Czarnecki, Wojciech"]
[Result "1/2-1/2"]
[WhiteElo "2010"]
[BlackElo "2056"]
[PlyCount "129"]
[EventDate "2008.??.??"]

1. d4 d5 2. c4 c6 3. e3 Nf6 4. Nc3 g6 5. Nf3 Bg7 6. b4 O-O 7. Bb2 Bf5 8. Bd3
Bxd3 9. Qxd3 Nbd7 10. O-O Nb6 11. Nd2 dxc4 12. Nxc4 Nfd5 13. a3 Nxc4 14. Qxc4
Nxc3 15. Bxc3 Qd5 16. Qe2 Rfd8 17. Qb2 Qe4 18. Qb1 Qd5 19. Rd1 Rd7 20. Rd2 Rad8
21. Qc2 Qc4 22. Rad1 b6 23. h3 Rd6 24. Qc1 R8d7 25. Bb2 Qxc1 26. Bxc1 e5 27.
dxe5 Rxd2 28. Rxd2 Rxd2 29. Bxd2 Bxe5 30. a4 f5 31. Kf1 Kf7 32. Ke2 Ke6 33. Kd3
Kd5 34. f3 a6 35. e4+ fxe4+ 36. fxe4+ Ke6 37. Be3 b5 38. axb5 axb5 39. Bc5 Bh2
40. Bf2 Bd6 41. Kc3 h5 42. Bg1 Be5+ 43. Kd3 Bd6 44. Kc3 Kf6 45. Bf2 Kg5 46. g3
Kf6 47. g4 hxg4 48. hxg4 Kg5 49. Be1 Kxg4 50. Kd4 Kg5 51. e5 Be7 52. Ke4 c5 53.
bxc5 Bxc5 54. Kd5 Bf8 55. e6 Kf6 56. Bc3+ Ke7 57. Kc6 Kxe6 58. Kxb5 g5 59. Kc4
Kf5 60. Kd3 g4 61. Ke2 Kf4 62. Kf2 Bc5+ 63. Kg2 Be3 64. Bg7 Ke4 65. Bf6 1/2-1/2

[Event "XIII Konik Morski Rewala - Open B"]
[Site "Rewal"]
[Date "2008.08.27"]
[Round "8"]
[White "Grochulski, Grzegorz"]
[Black "Liberadzki, Slawomir"]
[Result "1/2-1/2"]
[WhiteElo "1856"]
[BlackElo "1969"]
[PlyCount "161"]
[EventDate "2008.??.??"]

1. e4 c5 2. Nf3 e6 3. d4 cxd4 4. Nxd4 Nc6 5. Nc3 Qc7 6. Be3 a6 7. Be2 Nf6 8.
O-O Bb4 9. Na4 d5 10. Nxc6 bxc6 11. Nb6 Rb8 12. Nxc8 Qxc8 13. e5 Nd7 14. f4 O-O
15. Bd3 Bc5 16. Rf3 g6 17. b3 Qb7 18. Kh1 Bxe3 19. Rxe3 Nc5 20. Qe1 Rfe8 21.
Qh4 Qe7 22. Qh3 Rb4 23. Rf1 Nxd3 24. cxd3 a5 25. g4 a4 26. f5 exf5 27. gxf5 Qh4
28. Qg2 Rf4 29. Ref3 Rxf3 30. Qxf3 Qe7 31. d4 axb3 32. axb3 Rc8 33. Qh3 Rc7 34.
Rf4 Qg5 35. Qf3 Qe7 36. Qg4 c5 37. e6 cxd4 38. fxg6 Rc1+ 39. Kg2 Rc2+ 40. Kf1
Rc1+ 41. Kf2 Rc2+ 42. Kf1 Rc1+ 43. Kg2 Rc2+ 44. Kg3 Rc3+ 45. Rf3 Rxf3+ 46. Kxf3
hxg6 47. exf7+ Qxf7+ 48. Kg2 d3 49. Qc8+ Kh7 50. Qh3+ Kg7 51. Qxd3 Qb7 52. Qd4+
Kh7 53. b4 Qb5 54. Kg3 Kg8 55. Kh4 Kh7 56. Kg5 Qb7 57. Qh4+ Kg8 58. Kxg6 Qf7+
59. Kg5 Qe7+ 60. Kh5 Qh7+ 61. Kg4 Qe4+ 62. Kh3 Qb1 63. Qd8+ Kg7 64. Qe7+ Kh6
65. Qf6+ Kh7 66. Qf7+ Kh6 67. Qf4+ Kh7 68. Kg3 Qd3+ 69. Kg4 d4 70. Qf7+ Kh8 71.
Qf6+ Kg8 72. Qe6+ Kg7 73. Qd7+ Kg6 74. Qd6+ Kg7 75. Qg3 Qc4 76. Kf5+ Kf7 77.
Qg6+ Ke7 78. Qg7+ Kd8 79. Qf8+ Kc7 80. Qe7+ Kb6 81. Qd6+ 1/2-1/2

[Event "XIII Konik Morski Rewala - Open B"]
[Site "Rewal"]
[Date "2008.08.27"]
[Round "8"]
[White "Hasinski, Krystian"]
[Black "Pienkos, Slawomir"]
[Result "0-1"]
[WhiteElo "1990"]
[BlackElo "2026"]
[PlyCount "128"]
[EventDate "2008.??.??"]

1. d4 d5 2. c4 c6 3. e3 Nf6 4. Nc3 g6 5. Nf3 Bg7 6. Bd3 O-O 7. O-O Nbd7 8. Re1
Qc7 9. Bd2 e5 10. cxd5 Nxd5 11. Rc1 N7b6 12. dxe5 Bg4 13. e4 Nxc3 14. Bxc3 Rad8
15. h3 Bxf3 16. Qxf3 Bxe5 17. Bf1 Rd7 18. Bxe5 Qxe5 19. Qc3 Qxc3 20. Rxc3 Rfd8
21. f4 Na4 22. Rc2 Rd2 23. Re2 Rxc2 24. Rxc2 Rd4 25. b3 Nb6 26. Re2 Kf8 27. g3
a5 28. Kf2 a4 29. bxa4 Nxa4 30. Ke3 Rd1 31. Bg2 Ke7 32. Rc2 c5 33. Bf3 Rg1 34.
g4 b5 35. e5 b4 36. Rc4 Ra1 37. Bc6 Rxa2 38. Bxa4 Rxa4 39. Rxc5 Ra3+ 40. Ke4
Rxh3 41. Rc7+ Ke8 42. Rb7 Rb3 43. e6 fxe6 44. Rxh7 Rb1 45. Ke5 b3 46. Kxe6 Re1+
47. Kf6 b2 48. Rh8+ Kd7 49. Rb8 b1=Q 50. Rxb1 Rxb1 51. Kxg6 Rb4 52. Kf5 Ke7 53.
Kg5 Kf7 54. Kf5 Rb5+ 55. Ke4 Kf6 56. Kf3 Rb4 57. Ke3 Ke6 58. Kf3 Rb1 59. Ke4
Rg1 60. Kf3 Kd5 61. g5 Rf1+ 62. Kg4 Ke4 63. g6 Rg1+ 64. Kh5 Kf5 0-1

[Event "XIII Konik Morski Rewala - Open B"]
[Site "Rewal"]
[Date "2008.08.27"]
[Round "8"]
[White "Wojtaszewski, Piotr"]
[Black "Wasik, Piotr"]
[Result "1/2-1/2"]
[WhiteElo "1998"]
[BlackElo "1973"]
[PlyCount "143"]
[EventDate "2008.??.??"]

1. e4 c5 2. Nc3 e6 3. Nf3 a6 4. d4 cxd4 5. Nxd4 b5 6. Bd3 Qb6 7. Nb3 Qc7 8. O-O
Bb7 9. Be3 Nf6 10. f3 Be7 11. Qd2 Nc6 12. Qf2 Rc8 13. Kh1 Ne5 14. Bb6 Qb8 15.
Nc5 d6 16. Nxb7 Qxb7 17. a4 b4 18. Na2 d5 19. a5 dxe4 20. fxe4 O-O 21. Qe2 Nxd3
22. cxd3 Nd7 23. Bd4 e5 24. Bg1 Nc5 25. Nc1 Rfd8 26. Bxc5 Bxc5 27. Nb3 Ba7 28.
Rac1 h6 29. g3 Qd7 30. Rxc8 Rxc8 31. Rc1 Rxc1+ 32. Nxc1 Qa4 33. Qg4 Qc2 34. Ne2
g6 35. h4 h5 36. Qf3 Qxb2 37. g4 hxg4 38. Qxg4 Qb1+ 39. Kh2 Qxd3 40. h5 Kg7 41.
hxg6 fxg6 42. Ng3 Qd2+ 43. Kh3 Kf7 44. Qh4 Qd7+ 45. Kh2 Qe7 46. Qh7+ Kf6 47.
Qh8+ Kg5 48. Qc8 Kf4 49. Qc1+ Be3 50. Qf1+ Kg5 51. Qg2 Kh6 52. Qh3+ Kg7 53. Qg4
Bf4 54. Kg2 Bxg3 55. Qxg3 Qe6 56. Qd3 b3 57. Qc3 g5 58. Kg3 Kg6 59. Qd3 Kh5 60.
Qf3+ g4 61. Qe2 Qc8 62. Qb2 Qb8 63. Qh2+ Kg6 64. Qb2 Kg5 65. Qd2+ Kh5 66. Qh2+
Kg6 67. Qb2 Kg5 68. Qd2+ Kh5 69. Qh2+ Kg6 70. Qb2 Kg5 71. Qd2+ Kh5 72. Qh2+
1/2-1/2

[Event "XIII Konik Morski Rewala - Open B"]
[Site "Rewal"]
[Date "2008.08.27"]
[Round "8"]
[White "Botor, Michal"]
[Black "Giemza, Joanna"]
[Result "0-1"]
[WhiteElo "1948"]
[BlackElo "2024"]
[PlyCount "90"]
[EventDate "2008.??.??"]

1. e4 e6 2. d3 c5 3. Nf3 Nc6 4. g3 g6 5. Bg2 Bg7 6. Qe2 d6 7. O-O Nge7 8. c3
O-O 9. Nh4 Rb8 10. f4 f5 11. exf5 exf5 12. a4 a6 13. Nd2 b5 14. axb5 axb5 15.
Ndf3 b4 16. Bd2 Bd7 17. Rfe1 Re8 18. Ng5 bxc3 19. Bxc3 Nd4 20. Qf2 Bc6 21. Nhf3
Qb6 22. Nxd4 cxd4 23. Ba5 Qb7 24. b4 Bxg2 25. Qxg2 Qxg2+ 26. Kxg2 Nd5 27. Rxe8+
Rxe8 28. Kf2 Re3 29. Rd1 h6 30. Nf3 Nc3 31. Rd2 Nb5 32. Bb6 Re8 33. Rc2 Rb8 34.
Rc6 Kf7 35. Ba5 Ke6 36. Rc2 Bf6 37. h4 h5 38. Nd2 Nc3 39. Nc4 Nd5 40. Rb2 Kd7
41. b5 Nc3 42. Bxc3 dxc3 43. Rb1 Rxb5 44. Rxb5 c2 45. Rb7+ Ke6 0-1

[Event "XIII Konik Morski Rewala - Open B"]
[Site "Rewal"]
[Date "2008.08.27"]
[Round "8"]
[White "Skwarnicki, Adam"]
[Black "Gluszko, Monika"]
[Result "1-0"]
[WhiteElo "2053"]
[BlackElo "1848"]
[PlyCount "93"]
[EventDate "2008.??.??"]

1. d4 Nf6 2. c4 g6 3. Nf3 Bg7 4. g3 O-O 5. Bg2 d5 6. O-O c5 7. dxc5 Qa5 8. cxd5
Qxc5 9. Nc3 Rd8 10. e4 e6 11. Qa4 exd5 12. Be3 Qc6 13. Qxc6 Nxc6 14. exd5 Nxd5
15. Nxd5 Rxd5 16. Ng5 Rb5 17. a4 Rxb2 18. Bd5 Nd8 19. Rab1 Bf5 20. Rxb2 Bxb2
21. Ne4 Nc6 22. Nd6 Rd8 23. Bxf7+ Kg7 24. Nxf5+ Kxf7 25. Nh6+ Kf6 26. Rb1 Bd4
27. Rxb7 Bxe3 28. Ng4+ Ke6 29. Nxe3 Rd4 30. a5 Ra4 31. Rc7 Nxa5 32. Rxa7 h5 33.
Ra6+ Kf7 34. Nd5 Ra1+ 35. Kg2 Nb3 36. Rf6+ Kg7 37. Rb6 Nc5 38. Nf4 Ra6 39. Rb5
Ne6 40. Rb7+ Kf6 41. Nd5+ Ke5 42. Ne7 Nd4 43. h4 Nf5 44. Rb5+ Kf6 45. Nd5+ Kf7
46. Rb7+ Ke6 47. Nc7+ 1-0

[Event "XIII Konik Morski Rewala - Open B"]
[Site "Rewal"]
[Date "2008.08.27"]
[Round "8"]
[White "Poswiatowski, Michal"]
[Black "Markiewicz, Mateusz"]
[Result "0-1"]
[WhiteElo "1775"]
[BlackElo "2013"]
[PlyCount "68"]
[EventDate "2008.??.??"]

1. e4 c5 2. Nf3 Nc6 3. d4 cxd4 4. Nxd4 e5 5. Nb5 d6 6. N1c3 a6 7. Na3 b5 8. Nd5
Nf6 9. Bg5 Be7 10. Bxf6 Bxf6 11. c3 O-O 12. Nc2 Rb8 13. Bd3 Bg5 14. Nce3 Be6
15. O-O Ne7 16. Qc2 Qd7 17. Nxe7+ Qxe7 18. Qe2 g6 19. Rfe1 f5 20. Nf1 f4 21.
Nd2 f3 22. Nxf3 Bg4 23. Bc2 Rf4 24. Bd1 Bxf3 25. gxf3 Rh4 26. Qd3 Bf4 27. Kf1
Rxh2 28. Ke2 Rxf2+ 29. Kxf2 Qh4+ 30. Kf1 Qh3+ 31. Kf2 Bg3+ 32. Ke3 Qh6+ 33. Ke2
Qh2+ 34. Ke3 Qf2# 0-1

[Event "XIII Konik Morski Rewala - Open B"]
[Site "Rewal"]
[Date "2008.08.27"]
[Round "8"]
[White "Trepkowski, Piotr"]
[Black "Chojnacka, Magdalena"]
[Result "1-0"]
[WhiteElo "1932"]
[BlackElo "1876"]
[PlyCount "42"]
[EventDate "2008.??.??"]

1. e4 c5 2. d4 cxd4 3. c3 dxc3 4. Nxc3 Nc6 5. Bc4 a6 6. Nf3 e6 7. Qe2 Bb4 8.
O-O Nge7 9. Bf4 Ng6 10. Be3 O-O 11. Rac1 b5 12. Bd3 Bb7 13. Bb1 Qe7 14. Rfd1 d6
15. Ng5 Bc5 16. f4 Nxf4 17. Qf3 Bxe3+ 18. Qxe3 Qxg5 19. Qf3 Ne5 20. Qf1 Ng4 21.
Re1 Nh3+ 1-0

[Event "XIII Konik Morski Rewala - Open B"]
[Site "Rewal"]
[Date "2008.08.27"]
[Round "8"]
[White "Plicner, Adam"]
[Black "Sujkowski, Pawel"]
[Result "1-0"]
[WhiteElo "2060"]
[BlackElo "1850"]
[PlyCount "95"]
[EventDate "2008.??.??"]

1. c4 g6 2. Nc3 Bg7 3. g3 Nf6 4. Bg2 O-O 5. d3 d6 6. Nf3 e5 7. Bg5 h6 8. Bxf6
Qxf6 9. O-O c6 10. Rb1 a5 11. a3 Na6 12. b4 axb4 13. axb4 Nc7 14. Nd2 Qd8 15.
Qb3 Be6 16. b5 Bd7 17. Qb4 Re8 18. Ra1 Bf8 19. bxc6 bxc6 20. Qb7 Rb8 21. Qa7
Ra8 22. Qe3 Ne6 23. Nf3 Qc7 24. Rfb1 Reb8 25. Ne4 Rxb1+ 26. Rxb1 Bg7 27. h4 d5
28. cxd5 cxd5 29. Rc1 Qa5 30. Ned2 Qa3 31. Rb1 Qc3 32. Qb6 Rc8 33. h5 g5 34.
Nf1 Qc6 35. Qa7 Rc7 36. Qb8+ Rc8 37. Nxe5 Bxe5 38. Qxe5 Nc7 39. Ne3 Re8 40. Qd4
Be6 41. Qf6 Bd7 42. Qd4 Be6 43. Bf3 Rd8 44. Qf6 Qd6 45. Qxh6 d4 46. Qxg5+ Kh8
47. h6 Rg8 48. Qf6+ 1-0